| 000 | 00720nam a2200277 a 4500 | ||
|---|---|---|---|
| 001 | 000114363 | ||
| 003 | CHAP | ||
| 005 | 20220329144438.0 | ||
| 008 | 180116s1990 mx |r| ||||f|spa d | ||
| 010 | _a110824 | ||
| 011 | _a111796 | ||
| 020 | _a9681319338 | ||
| 040 | _cCHAP | ||
| 082 | 0 | 4 |
_a869.34 _bA48 |
| 100 | 0 | 0 |
_aAmado, Jorge. _95060 |
| 245 | 1 | 0 |
_aGabriela, clavo y canela / _cpor Jorge Amado. |
| 260 |
_aMéxico : _bDiana, _c1990. |
||
| 300 | _a325 p. | ||
| 590 |
_aBATCH-UPD _b05 _c20180116 _lUCH01 _h0914 |
||
| 590 |
_aE11695DGD _b10 _c20180116 _lUCH01 _h1454 |
||
| 590 |
_aE5765TAJ _b05 _c20180116 _lUCH01 _h0913 |
||
| 650 | 1 | 4 |
_aNovela brasileña. _982013 |
| 901 | _aBK | ||
| 942 | _cLIBRO | ||
| 942 | _n0 | ||
| 999 |
_c110824 _d110824 |
||